Kluby piłkarskie Walencji - nagła śmierć - Statystyki

Ogólne statystyki
  • Ten quiz został rozwiązany 24 razy
  • Średni wynik to 3 z 9
Answers on the Grid
Answers color-coded by a green-red scale on the quiz's grid according to % correct below.
CD Castellón
CD Lugo
Valencia CF
CF Fuenlabrada
Levante UD
CD Eldense
SD Huesca
Hércules CF
Albacete Balompié
SD Amorebieta
CF Intercity
Elche CF
Burgos CF
Villarreal CF
CD Alcoyano
Zamora CF
 
Statystyki odpowiedzi
Odpowiedź % Poprawnych
Valencia CF
100%
Levante UD
64%
Villarreal CF
64%
Elche CF
18%
Hércules CF
18%
CD Alcoyano
9%
CD Castellón
9%
CF Intercity
9%
CD Eldense
0%
Nie znaleziono quizów pasujących do podanych kryteriów
Rozkład punktacji
Procent ludzi z każdym wynikiem
Percentyl według liczby udzielonych odpowiedzi
Twoja historia wyników
Nie rozwiązałeś tego quizu